000 01158nam a22002897a 4500
003 OSt
005 20231004092809.0
008 230919s2015 mx a||||r|||| 001 0 spa d
020 _a9786077673436
040 _cCHAP
_erda
090 _aFolleto 18527
100 1 _9185162
_aCuecuecha Mendoza, Alfredo
245 1 0 _aCenso de instituciones microfinancieras y su oferta de servicios en el Estado de Tlaxcala /
_cpor Alfredo Cuecuecha Mendoza, Alfonso Pérez Sánchez y Patricia Meneses Ortiz.
264 1 _aTlaxcala, México :
_bEl Colegio de Tlaxcala,
_c2015.
300 _a42 páginas:
_bcuadros, figuras.
336 _2rdacontent
_atexto
_btxt
337 _2rdamedia
_asin medio
_bn
338 _2rdacarrier
_avolumen
_bnc
490 1 _aCuadernos Coltlax
504 _aIncluye referencias bibliográficas : páginas 37-38.
650 4 _9185164
_aInstituciones financieras
_zMéxico, Tlaxcala (Edo.)
651 4 _9185201
_aTlaxcala
_xDesarrollo económico
700 1 _990030
_aPérez Sánchez, Alfonso
700 1 _9187922
_aMeneses Ortiz, Patricia
830 0 _9187964
_aCuadernos Coltlax
942 _2Clasificación Universidad Autónoma Chapingo
_cFOLL
999 _c219161
_d219161